| 000 | 00713nam a2200217Ia 4500 | ||
|---|---|---|---|
| 005 | 20220713153148.0 | ||
| 008 | 210716s2002 xx 000 0 und d | ||
| 020 | _a0070651426 | ||
| 040 | _cAIMIT LIBRARY | ||
| 041 | _aeng | ||
| 082 |
_a511.8 _21 _bTREJ |
||
| 100 |
_aTremblay J P. _948775 |
||
| 245 |
_aDiscrete mathematical structures with applications to computer science / _cBy J P Tremblay and R Manohar |
||
| 250 | _a1st ed. | ||
| 260 |
_aNew Delhi : _bTata McGraw Hill Publishing Company Ltd , _c2002. |
||
| 300 |
_axvi,606p. ; _c22 cm. |
||
| 650 |
_aMathematical logic _948776 |
||
| 650 |
_aLattices and Boolean algebra _948777 |
||
| 700 |
_aManohar, R. _948778 |
||
| 942 |
_2ddc _cBK _e1st _k511.8 TREJ |
||
| 999 |
_c180981 _d180981 |
||